[Event "Thüringenliga 2016/2017"]
[Site "?"]
[Date "2016.11.06"]
[Round "2"]
[White "Middelhoff, Cornelius"]
[Black "Hermannsdörfer, Frank"]
[Result "0-1"]
[WhiteElo "2054"]
[BlackElo "2119"]
[PlyCount "106"]
[EventDate "2016.??.??"]
[WhiteTeam "TSG Apolda"]
[BlackTeam "SV 1861 Liebschwitz"]

1. d4 d6 2. Nf3 Nf6 3. Nc3 Nbd7 4. e4 e5 5. Bc4 Be7 6. O-O c6 7. a4 Qc7 8. Re1
h6 9. h3 Nf8 10. d5 g5 11. dxc6 bxc6 12. b4 Be6 13. Qd3 Rd8 14. Ba2 Ng6 15. Nh2
d5 16. exd5 cxd5 17. Nb5 Qb8 18. c3 O-O 19. Qe2 a6 20. Na3 Ne4 21. Nb1 f5 22.
Qxa6 Rf6 23. f3 Nd6 24. Nd2 Bf7 25. Qf1 Qc7 26. Bb2 h5 27. a5 g4 28. Rac1 g3
29. c4 d4 30. Bb1 Ne8 31. c5 Rb8 32. Ba3 e4 33. fxe4 gxh2+ 34. Kh1 fxe4 35. Qe2
Nf4 36. Qxe4 Ng6 37. Qxd4 Rd8 38. Qc3 Rf2 39. Ne4 Rf4 40. Qc2 Rd4 41. Ba2 Bxa2
42. Qxa2+ Kh7 43. Qb1 Ng7 44. Rc3 Nf5 45. a6 Bh4 46. Re2 Qd8 47. Kxh2 Rd1 48.
Qc2 Qd4 49. Qxd1 Qxd1 50. Rd2 Qe1 51. Rd7+ Nge7 52. Nd2 Bg3+ 53. Rxg3 Qxg3+ 0-1

[Event "Thüringenliga 2016/2017"]
[Site "?"]
[Date "2016.11.06"]
[Round "2"]
[White "Zeidler, Andreas"]
[Black "Rohmeiß, Roberto"]
[Result "1-0"]
[WhiteElo "2118"]
[BlackElo "1995"]
[PlyCount "113"]
[EventDate "2016.??.??"]
[WhiteTeam "SV 1861 Liebschwitz"]
[BlackTeam "TSG Apolda"]

1. d4 Nf6 2. c4 g6 3. Nc3 Bg7 4. e4 d6 5. Be2 Nbd7 6. Be3 e5 7. d5 Nc5 8. f3 a5
9. g4 h5 10. g5 Nfd7 11. Qd2 b6 12. O-O-O Nb8 13. f4 exf4 14. Bxf4 Qe7 15. Re1
Nba6 16. Nf3 Nb4 17. Kb1 O-O 18. Bf1 Bg4 19. Nd4 Ncd3 20. Bxd3 Bxd4 21. Nb5 Bg7
22. h3 Bc8 23. Bf1 Na6 24. Nd4 Bb7 25. Rh2 Be5 26. Rf2 Nc5 27. Rf3 Bxf4 28.
Qxf4 Nd7 29. h4 Ne5 30. Rf2 Ng4 31. Rd2 Ne5 32. Be2 Ba6 33. Rc2 Bc8 34. b3 Bd7
35. Rc3 Rac8 36. Re3 Kg7 37. Rf1 Kg8 38. Bd1 Kg7 39. Be2 Kg8 40. Bd1 Kg7 41.
Kb2 Rce8 42. Kc3 Ng4 43. Bxg4 Bxg4 44. Nc6 Qd7 45. Qf6+ Kg8 46. a4 Kh7 47. Qd4
Qc8 48. Rf6 Bd7 49. Ref3 Kg8 50. e5 dxe5 51. Nxe5 Bf5 52. R3xf5 gxf5 53. Rh6 f4
54. Nd7 f6 55. Nxf6+ Rxf6 56. Qxf6 Qh3+ 57. Kb2 1-0

[Event "Thüringenliga 2016/2017"]
[Site "?"]
[Date "2016.11.06"]
[Round "2"]
[White "Goemann, Jens"]
[Black "Kastner, Peter"]
[Result "1/2-1/2"]
[WhiteElo "2057"]
[BlackElo "1991"]
[PlyCount "43"]
[EventDate "2016.??.??"]
[WhiteTeam "TSG Apolda"]
[BlackTeam "SV 1861 Liebschwitz"]

1. Nf3 Nf6 2. g3 d5 3. c4 c6 4. b3 Bg4 5. Bg2 Nbd7 6. Bb2 e6 7. O-O Bd6 8. d3
O-O 9. Nbd2 Qe7 10. e4 dxe4 11. dxe4 Be5 12. Qc2 Bxb2 13. Qxb2 e5 14. Rfe1 Rfe8
15. b4 b6 16. h3 Bxf3 17. Bxf3 Nf8 18. a3 N6d7 19. Bg2 Ne6 20. Nf3 f6 21. Nh4
g6 22. Nf3 1/2-1/2

[Event "Thüringenliga 2016/2017"]
[Site "?"]
[Date "2016.11.06"]
[Round "2"]
[White "Biel, Maik"]
[Black "Carnot, Luca"]
[Result "1/2-1/2"]
[WhiteElo "1958"]
[BlackElo "1808"]
[PlyCount "38"]
[EventDate "2016.??.??"]
[WhiteTeam "SV 1861 Liebschwitz"]
[BlackTeam "TSG Apolda"]

1. d4 Nf6 2. c4 e5 3. dxe5 Ng4 4. Nf3 Bc5 5. e3 Nc6 6. Be2 O-O 7. a3 a5 8. Nc3
Re8 9. Nd5 Ncxe5 10. Bd2 c6 11. Nf4 Qf6 12. Nxe5 Nxe5 13. Bc3 d6 14. Nd3 Nxd3+
15. Bxd3 Qg5 16. O-O Re6 17. Qf3 Rh6 18. Qg3 Qxg3 19. hxg3 a4 1/2-1/2

[Event "Thüringenliga 2016/2017"]
[Site "?"]
[Date "2016.11.06"]
[Round "2"]
[White "Maiwald, Harald"]
[Black "Ahmed, Daniel"]
[Result "1-0"]
[WhiteElo "1959"]
[BlackElo "1649"]
[PlyCount "65"]
[EventDate "2016.??.??"]
[WhiteTeam "TSG Apolda"]
[BlackTeam "SV 1861 Liebschwitz"]

1. Nf3 Nf6 2. g3 d5 3. Bg2 c6 4. b3 Bf5 5. Bb2 Nbd7 6. d3 Qc7 7. Nbd2 e5 8. O-O
Bd6 9. Qe1 O-O 10. e4 dxe4 11. dxe4 Bg6 12. Nh4 Rfe8 13. Nc4 Bf8 14. Nxg6 hxg6
15. Qe2 Rac8 16. a4 b5 17. Ne3 Nc5 18. axb5 cxb5 19. Qxb5 Ncxe4 20. Qa4 Nc3 21.
Qxa7 Ne2+ 22. Kh1 Qxa7 23. Rxa7 Bc5 24. Ra5 Bxe3 25. fxe3 Rxc2 26. Bxe5 Ng4 27.
Bd4 Rc1 28. Bh3 Nxe3 29. Rxc1 Nxc1 30. b4 Nb3 31. Re5 Rxe5 32. Bxe5 f5 33. b5
1-0

[Event "Thüringenliga 2016/2017"]
[Site "?"]
[Date "2016.11.06"]
[Round "2"]
[White "Weiß, Werner"]
[Black "Schmidt, Matthias"]
[Result "0-1"]
[WhiteElo "1966"]
[BlackElo "1956"]
[PlyCount "94"]
[EventDate "2016.??.??"]
[WhiteTeam "SV 1861 Liebschwitz"]
[BlackTeam "TSG Apolda"]

1. e4 c5 2. Nf3 Nc6 3. d3 g6 4. g3 Bg7 5. Bg2 d6 6. O-O Nf6 7. Re1 O-O 8. c3 e5
9. a3 a5 10. a4 h6 11. Na3 Be6 12. Be3 Ng4 13. Bd2 d5 14. h3 dxe4 15. dxe4 Nf6
16. Qe2 Qe7 17. Nh4 Rfd8 18. Be3 Bf8 19. Nc4 Qc7 20. Kh2 Kh7 21. Rf1 Nd4 22.
cxd4 cxd4 23. Rac1 dxe3 24. Nxe3 Qb6 25. f4 Rd4 26. f5 Bb3 27. fxg6+ fxg6 28.
Nd5 Bxd5 29. exd5 e4 30. Qf2 Bg7 31. Nxg6 Kxg6 32. Qf5+ Kf7 33. Rc6 bxc6 34.
Qe6+ Kf8 35. Rxf6+ Bxf6 36. Qxf6+ Ke8 37. d6 Ra7 38. Qe6+ Kd8 39. Qf6+ Kc8 40.
Qh8+ Kb7 41. Qg7+ Kc8 42. Qh8+ Kd7 43. Qe5 Rxd6 44. h4 Qd4 45. Qf5+ Kc7 46.
Bxe4 Rf6 47. Qh7+ Kb6 0-1

[Event "Thüringenliga 2016/2017"]
[Site "?"]
[Date "2016.11.06"]
[Round "2"]
[White "Steiger, Jürgen"]
[Black "Birke, Andreas"]
[Result "0-1"]
[WhiteElo "1920"]
[BlackElo "2128"]
[PlyCount "81"]
[EventDate "2016.??.??"]
[WhiteTeam "TSG Apolda"]
[BlackTeam "SV 1861 Liebschwitz"]

1. e4 c5 2. Nc3 Nc6 3. g3 g6 4. Bg2 Bg7 5. Nge2 d6 6. d3 Nf6 7. h3 a6 8. Be3
Rb8 9. d4 cxd4 10. Nxd4 Bd7 11. O-O Na5 12. Nce2 Nc4 13. Bc1 b5 14. b3 Na5 15.
c3 Qc7 16. Bb2 O-O 17. Nc2 Bc6 18. Qd3 Nb7 19. f3 Rfd8 20. Qe3 Nc5 21. Rfd1 a5
22. Ned4 Be8 23. Bf1 e5 24. Ne2 d5 25. Ba3 Bf8 26. b4 Na4 27. bxa5 Nc5 28. Bg2
Rbc8 29. Bb4 Ne6 30. Bxf8 Kxf8 31. Nb4 d4 32. cxd4 exd4 33. Qa3 Kg7 34. Rac1
Qa7 35. Nd3 Ra8 36. e5 Nd5 37. f4 Ne3 38. Rd2 Nc4 39. Rxc4 bxc4 40. Bxa8 cxd3
41. Bf3 0-1

[Event "Thüringenliga 2016/2017"]
[Site "?"]
[Date "2016.11.06"]
[Round "2"]
[White "Müller, Gunther"]
[Black "Henzgen, Nick"]
[Result "1/2-1/2"]
[WhiteElo "1797"]
[BlackElo "1549"]
[PlyCount "62"]
[EventDate "2016.??.??"]
[WhiteTeam "SV 1861 Liebschwitz"]
[BlackTeam "TSG Apolda"]

1. c4 g6 2. Nc3 Bg7 3. g3 d6 4. Bg2 Nd7 5. d3 e5 6. e3 Ne7 7. Nge2 O-O 8. O-O
f5 9. Rb1 a5 10. Qc2 Nc6 11. a3 Nc5 12. b4 axb4 13. axb4 Ne6 14. Bd2 Qd7 15.
Nd5 Ne7 16. Nec3 Ra6 17. Ra1 c6 18. Nxe7+ Qxe7 19. b5 cxb5 20. Nxb5 b6 21. Rab1
Nc5 22. Nc3 Bb7 23. Nd5 Bxd5 24. Bxd5+ Kh8 25. Bb4 Qa7 26. Bc3 Ra2 27. Rb2 Ra1
28. Rfb1 Rb8 29. Kg2 Ra3 30. Rb5 Ra2 31. R1b2 Ra3 1/2-1/2

[Event "Thüringenliga 2016/2017"]
[Site "?"]
[Date "2016.11.06"]
[Round "2"]
[White "Recknagel, Michael"]
[Black "Schorch, Rüdiger"]
[Result "1/2-1/2"]
[WhiteElo "2180"]
[BlackElo "1926"]
[PlyCount "82"]
[EventDate "2016.??.??"]
[WhiteTeam "SC Suhl"]
[BlackTeam "SV Ammern"]

1. e4 e5 2. Nc3 Bc5 3. g3 Nf6 4. Bg2 d6 5. d3 c6 6. Nf3 O-O 7. O-O h6 8. h3 Na6
9. a3 Re8 10. Na4 d5 11. Nxc5 Nxc5 12. exd5 Nxd5 13. Nxe5 Rxe5 14. d4 Re8 15.
dxc5 Qe7 16. Qd4 Bf5 17. c4 Qf6 18. Qxf6 Nxf6 19. Be3 Bd3 20. Rfc1 Rad8 21. Bf3
Nd7 22. Bd4 Nf8 23. Bc3 Ne6 24. b4 Ng5 25. Bg2 Be4 26. f4 Bxg2 27. Kxg2 Ne4 28.
Be1 Rd3 29. Ra2 Red8 30. g4 Re3 31. h4 Rdd3 32. a4 Nf6 33. a5 a6 34. b5 Nxg4
35. bxa6 bxa6 36. Rb2 Rh3 37. Rb6 Rh2+ 38. Kg1 Rdh3 39. Rc3 Rh1+ 40. Kg2 R1h2+
41. Kg1 Rh1+ 1/2-1/2

[Event "Thüringenliga 2016/2017"]
[Site "?"]
[Date "2016.11.06"]
[Round "2"]
[White "Thon, Philipp"]
[Black "Feld-Gerdes, Wolfgang"]
[Result "0-1"]
[WhiteElo "1783"]
[BlackElo "2034"]
[PlyCount "64"]
[EventDate "2016.??.??"]
[WhiteTeam "SV Ammern"]
[BlackTeam "SC Suhl"]

1. e4 e5 2. Nf3 Nc6 3. Bc4 Bc5 4. O-O Nf6 5. d3 d6 6. Be3 Bb6 7. c3 Na5 8. Bb5+
c6 9. Ba4 Bxe3 10. fxe3 b5 11. Bc2 Qb6 12. Qe2 Bg4 13. b4 Nb7 14. a4 O-O 15.
Qe1 a5 16. axb5 cxb5 17. bxa5 Rxa5 18. Rxa5 Nxa5 19. h3 Bh5 20. Nh4 Bg6 21. Nf5
Bxf5 22. Rxf5 Nd7 23. Kh1 Rc8 24. Bd1 Nc5 25. Qf1 Rc7 26. Bg4 b4 27. d4 Nxe4
28. Qf3 Qb7 29. dxe5 bxc3 30. Nxc3 Rxc3 31. e6 Qb1+ 32. Kh2 Rc1 0-1

[Event "Thüringenliga 2016/2017"]
[Site "?"]
[Date "2016.11.06"]
[Round "2"]
[White "Berghof, Axel"]
[Black "Kampfhenkel, Ulrich"]
[Result "1/2-1/2"]
[WhiteElo "2026"]
[BlackElo "1900"]
[PlyCount "40"]
[EventDate "2016.??.??"]
[WhiteTeam "SC Suhl"]
[BlackTeam "SV Ammern"]

1. e4 e5 2. Bc4 Nf6 3. d4 exd4 4. Nf3 Nc6 5. e5 d5 6. Bb5 Ne4 7. Nxd4 Bd7 8.
Bxc6 bxc6 9. O-O Bc5 10. c3 O-O 11. Nd2 Nxd2 12. Bxd2 Bb6 13. Qh5 Qc8 14. Be3
Re8 15. Rfe1 Bg4 16. Qg5 c5 17. Nb3 c4 18. Nc5 Qf5 19. Qxf5 Bxf5 20. Bd4 Bxc5
1/2-1/2

[Event "Thüringenliga 2016/2017"]
[Site "?"]
[Date "2016.11.06"]
[Round "2"]
[White "Müller, Bernd"]
[Black "Breuer, Harald"]
[Result "1/2-1/2"]
[WhiteElo "1748"]
[BlackElo "1818"]
[PlyCount "33"]
[EventDate "2016.??.??"]
[WhiteTeam "SC Suhl"]
[BlackTeam "SV Ammern"]

1. e4 c5 2. Nf3 d6 3. d4 cxd4 4. Nxd4 Nf6 5. Nc3 a6 6. Bc4 e6 7. f3 Qc7 8. Bb3
Nc6 9. Be3 Na5 10. Qd2 Nc4 11. Bxc4 Qxc4 12. O-O-O Be7 13. Kb1 b5 14. g4 Bb7
15. h4 Rc8 16. h5 h6 17. Rh2 1/2-1/2

[Event "Thüringenliga 2016/2017"]
[Site "?"]
[Date "2016.11.06"]
[Round "2"]
[White "Salaske, Peter"]
[Black "Koch, Stefan"]
[Result "1/2-1/2"]
[WhiteElo "1774"]
[BlackElo "1926"]
[PlyCount "83"]
[EventDate "2016.??.??"]
[WhiteTeam "SV Ammern"]
[BlackTeam "SC Suhl"]

1. e4 d5 2. exd5 Qxd5 3. Nc3 Qd6 4. d4 Nf6 5. Bd3 c6 6. Nge2 Bg4 7. f3 Bh5 8.
Bf4 Qb4 9. O-O e6 10. a3 Qa5 11. Qe1 Qd8 12. Be5 Nbd7 13. Qh4 Rg8 14. f4 Bxe2
15. Nxe2 g6 16. c4 h5 17. h3 Be7 18. Qf2 Nh7 19. d5 Bc5 20. Bd4 Qb6 21. dxe6
fxe6 22. b4 Bxd4 23. Qxd4 O-O-O 24. Qxb6 Nxb6 25. Rad1 Rg7 26. Nc3 Nf8 27. Rfe1
Rgd7 28. Bf1 Rd4 29. Rxd4 Rxd4 30. Re4 Rd2 31. g4 hxg4 32. hxg4 Kd7 33. Re1 Rc2
34. Re3 Ke7 35. f5 gxf5 36. gxf5 Kf6 37. fxe6 Nxe6 38. Be2 Nd4 39. Bd1 Rc1 40.
Rd3 Nc2 41. Kf2 Nxa3 42. Na2 1/2-1/2

[Event "Thüringenliga 2016/2017"]
[Site "?"]
[Date "2016.11.06"]
[Round "2"]
[White "Will, Ralph"]
[Black "Hentrich, Jörg"]
[Result "1/2-1/2"]
[WhiteElo "1752"]
[BlackElo "1749"]
[PlyCount "46"]
[EventDate "2016.??.??"]
[WhiteTeam "SC Suhl"]
[BlackTeam "SV Ammern"]

1. d4 Nf6 2. c4 g6 3. Nf3 Bg7 4. g3 O-O 5. Bg2 d6 6. Nc3 c5 7. O-O Nc6 8. dxc5
dxc5 9. a3 Qxd1 10. Rxd1 Bf5 11. Be3 b6 12. Nh4 Rac8 13. Nxf5 gxf5 14. Rab1 Ne5
15. b3 Nfg4 16. Bd2 Rfd8 17. Nd5 Rd7 18. h3 Nf6 19. Bg5 Nxd5 20. Rxd5 Rxd5 21.
Bxd5 e6 22. Bg2 f6 23. Be3 Rd8 1/2-1/2

[Event "Thüringenliga 2016/2017"]
[Site "?"]
[Date "2016.11.06"]
[Round "2"]
[White "Klein, Matthias"]
[Black "v.d. Weth-v. Nordheim, Petra"]
[Result "1/2-1/2"]
[WhiteElo "1742"]
[BlackElo "1824"]
[PlyCount "23"]
[EventDate "2016.??.??"]
[WhiteTeam "SV Ammern"]
[BlackTeam "SC Suhl"]

1. Nc3 Nc6 2. Nf3 Nf6 3. e4 e5 4. d4 exd4 5. Nxd4 Nxe4 6. Nxe4 Qe7 7. f3 d5 8.
Nxc6 bxc6 9. Be3 dxe4 10. Qd4 Qb4+ 11. Qxb4 Bxb4+ 12. c3 1/2-1/2

[Event "Thüringenliga 2016/2017"]
[Site "?"]
[Date "2016.11.06"]
[Round "2"]
[White "Troyke, Christian"]
[Black "Sack, Matthias"]
[Result "1-0"]
[WhiteElo "2307"]
[BlackElo "1923"]
[PlyCount "77"]
[EventDate "2016.??.??"]
[WhiteTeam "Erfurter Schachklub"]
[BlackTeam "SV Hermsdorf"]

1. g3 e5 2. c4 Nc6 3. Bg2 g6 4. Nc3 Bg7 5. e3 d6 6. Nge2 Nh6 7. O-O O-O 8. d3
Be6 9. h3 Qd7 10. Kh2 f5 11. f4 Nf7 12. Rb1 Rfe8 13. Qd2 Ncd8 14. b3 c6 15. d4
Qe7 16. Ba3 exf4 17. Nxf4 Qf6 18. Bb2 Bd7 19. Rbd1 Qg5 20. e4 Qh6 21. Nfe2 Ng5
22. Bc1 Ndf7 23. exf5 Bxf5 24. Ng1 Qh5 25. Rf4 Ne6 26. g4 Bh6 27. gxh5 Bxf4+
28. Qxf4 Nxf4 29. Bxf4 g5 30. Bd2 Bc2 31. Rf1 Kg7 32. Nge2 Bd3 33. Rf2 Re7 34.
Ng3 h6 35. Nce4 Re6 36. d5 cxd5 37. cxd5 Ree8 38. Bc3+ Ne5 39. Nxd6 1-0

[Event "Thüringenliga 2016/2017"]
[Site "?"]
[Date "2016.11.06"]
[Round "2"]
[White "Schulz, Phillip"]
[Black "Brüggemann, Joachim"]
[Result "1/2-1/2"]
[WhiteElo "1884"]
[BlackElo "2198"]
[PlyCount "54"]
[EventDate "2016.??.??"]
[WhiteTeam "SV Hermsdorf"]
[BlackTeam "Erfurter Schachklub"]

1. d4 Nf6 2. c4 e6 3. Nc3 Bb4 4. a3 Bxc3+ 5. bxc3 d6 6. f3 Nbd7 7. e4 c5 8. Bd3
Qa5 9. Bd2 e5 10. Ne2 O-O 11. O-O Re8 12. Qc2 Nf8 13. Rab1 Qc7 14. Bg5 N6d7 15.
f4 cxd4 16. cxd4 Ne6 17. Bh4 Nxd4 18. Nxd4 exd4 19. Bf2 Nc5 20. Bxd4 f5 21.
exf5 Nxd3 22. Qxd3 Qf7 23. f6 b6 24. f5 Ba6 25. Rfe1 Qxc4 26. Qxc4+ Bxc4 27.
fxg7 Bd3 1/2-1/2

[Event "Thüringenliga 2016/2017"]
[Site "?"]
[Date "2016.11.06"]
[Round "2"]
[White "Krüger, Rainer"]
[Black "Baulig, Manuel"]
[Result "1-0"]
[WhiteElo "2071"]
[BlackElo "1761"]
[PlyCount "59"]
[EventDate "2016.??.??"]
[WhiteTeam "Erfurter Schachklub"]
[BlackTeam "SV Hermsdorf"]

1. d4 Nf6 2. Nf3 e6 3. g3 d5 4. Bg2 Be7 5. O-O O-O 6. c4 b6 7. Nc3 Bb7 8. Ne5
Nbd7 9. cxd5 Nxe5 10. d6 Bxg2 11. dxe7 Qxe7 12. dxe5 Bxf1 13. exf6 Qxf6 14.
Qxf1 Rfd8 15. Bf4 e5 16. Be3 Rd7 17. Rd1 Rad8 18. Rxd7 Rxd7 19. Qh3 Qe7 20. Qg4
c5 21. Bg5 f6 22. Bxf6 Qf7 23. Bxe5 Rd2 24. Ne4 Rd1+ 25. Kg2 Qb7 26. Qe6+ Qf7
27. Qc8+ Qf8 28. Qg4 Qe7 29. f4 Rd8 30. Nf6+ 1-0

[Event "Thüringenliga 2016/2017"]
[Site "?"]
[Date "2016.11.06"]
[Round "2"]
[White "Sperhake, Franz"]
[Black "Rüther, Rudolf"]
[Result "1-0"]
[WhiteElo "1819"]
[BlackElo "2029"]
[PlyCount "71"]
[EventDate "2016.??.??"]
[WhiteTeam "SV Hermsdorf"]
[BlackTeam "Erfurter Schachklub"]

1. e4 e6 2. Qe2 c5 3. f4 Nc6 4. Nf3 Nge7 5. c3 d5 6. d3 g6 7. g3 Bg7 8. Bg2 O-O
9. O-O b6 10. e5 Nf5 11. g4 Nh4 12. Nxh4 Qxh4 13. g5 h6 14. Rf3 Qh5 15. h4 Bb7
16. Qe1 d4 17. Nd2 Ne7 18. Ne4 Nf5 19. Rh3 Qg4 20. Kh2 dxc3 21. Bf3 Qxh3+ 22.
Kxh3 cxb2 23. Bxb2 Rfd8 24. Qe2 Rd7 25. Nf6+ Bxf6 26. exf6 Bxf3 27. Qxf3 Rad8
28. Rd1 Rd5 29. Be5 Kh7 30. gxh6 Kxh6 31. Kg4 R8d7 32. Qh3 Kh7 33. Kg5 Rd8 34.
h5 gxh5 35. Qxh5+ Kg8 36. Rh1 1-0

[Event "Thüringenliga 2016/2017"]
[Site "?"]
[Date "2016.11.06"]
[Round "2"]
[White "Duzy, Stefan"]
[Black "Pietzsch, Gerhard"]
[Result "1/2-1/2"]
[WhiteElo "1886"]
[BlackElo "1832"]
[PlyCount "51"]
[EventDate "2016.??.??"]
[WhiteTeam "Erfurter Schachklub"]
[BlackTeam "SV Hermsdorf"]

1. g3 Nf6 2. Bg2 g6 3. c4 Bg7 4. Nc3 c5 5. Nf3 Nc6 6. O-O O-O 7. d4 cxd4 8.
Nxd4 Qb6 9. Nc2 a6 10. Be3 Qa5 11. Rb1 Ng4 12. Bd2 Nf6 13. Nd5 Qd8 14. Bc3 Nh5
15. Bd2 d6 16. Be3 Be6 17. Bb6 Qd7 18. Nc7 Rac8 19. Nxe6 Qxe6 20. b3 Nf6 21.
Ne3 Nd7 22. Nd5 Nxb6 23. Nxb6 Rcd8 24. Qd2 Qe5 25. Rfd1 Qc5 26. Nd5 1/2-1/2

[Event "Thüringenliga 2016/2017"]
[Site "?"]
[Date "2016.11.06"]
[Round "2"]
[White "Hädrich, Dirk"]
[Black "Troyke, Doreen"]
[Result "1/2-1/2"]
[WhiteElo "1770"]
[BlackElo "2017"]
[PlyCount "103"]
[EventDate "2016.??.??"]
[WhiteTeam "SV Hermsdorf"]
[BlackTeam "Erfurter Schachklub"]

1. d4 d5 2. c3 Nf6 3. Bg5 e6 4. e3 c5 5. Bd3 Nc6 6. Nf3 Be7 7. Nbd2 O-O 8. O-O
h6 9. Bh4 b6 10. Re1 Bb7 11. Nf1 Ne4 12. Bxe7 Qxe7 13. N3d2 Nxd2 14. Nxd2 Rac8
15. f4 Qf6 16. Qf3 Rfd8 17. Kh1 Ne7 18. Rf1 Nf5 19. Rae1 Nd6 20. Qg4 Rc7 21.
Nf3 Ne4 22. Ne5 Qf5 23. Qe2 f6 24. g4 Qh7 25. Nf3 g5 26. Nd2 Re7 27. Bb1 e5 28.
fxe5 fxe5 29. Nxe4 dxe4 30. dxc5 bxc5 31. Qc4+ Bd5 32. Qxc5 Rc7 33. Qa5 Bc4 34.
Rf5 Be6 35. Rxe5 Bxg4 36. Bxe4 Qf7 37. Bg2 Bf3 38. Rf5 Bxg2+ 39. Kxg2 Rd2+ 40.
Kg3 Qc4 41. e4 Rxb2 42. Rf3 g4 43. Rfe3 Qf7 44. Qd5 Rxa2 45. Rd1 Rc2 46. Rdd3
a5 47. Qxf7+ Kxf7 48. Rd5 a4 49. Ra5 Rc4 50. Kxg4 Rxh2 51. Kg3 Rd2 52. e5
1/2-1/2

[Event "Thüringenliga 2016/2017"]
[Site "?"]
[Date "2016.11.06"]
[Round "2"]
[White "Fischer, Dieter"]
[Black "Moje, Hans-Jürgen"]
[Result "1-0"]
[WhiteElo "1901"]
[BlackElo "1746"]
[PlyCount "181"]
[EventDate "2016.??.??"]
[WhiteTeam "Erfurter Schachklub"]
[BlackTeam "SV Hermsdorf"]

1. e4 e5 2. Nf3 Nc6 3. Bb5 a6 4. Ba4 b5 5. Bb3 Nf6 6. d3 Be7 7. Nbd2 d6 8. c3
Bg4 9. h3 Bh5 10. Nf1 Na5 11. Bc2 c5 12. Ng3 Bg6 13. O-O Nc6 14. Qe2 Qc8 15.
Nh2 h6 16. f4 exf4 17. Rxf4 Ne5 18. Nf5 Bxf5 19. Rxf5 Qc7 20. Nf1 Ned7 21. Ne3
Nf8 22. Bb3 Ne6 23. Nd5 Nxd5 24. Bxd5 Ra7 25. Qg4 Bf6 26. Be3 Qd7 27. Raf1 Rc7
28. Bd2 Rf8 29. Bxh6 Rh8 30. Be3 Rh4 31. Qf3 Rh8 32. Rh5 Rf8 33. Rh7 Kd8 34.
Qh5 Qe8 35. Qg4 Qe7 36. Qf5 Qe8 37. Bxe6 fxe6 38. Qg4 Kc8 39. Bf4 Rd7 40. Qg3
Kc7 41. e5 dxe5 42. Bxe5+ Kb6 43. Bxf6 Rxf6 44. Rxf6 gxf6 45. Rxd7 Qxd7 46. h4
Qh7 47. Qb8+ Kc6 48. Qa8+ Kb6 49. Qe4 f5 50. Qxe6+ Kb7 51. g3 Qh5 52. Qd5+ Kb6
53. d4 Qd1+ 54. Kh2 Qe2+ 55. Qg2 Qg4 56. Qf2 Kc6 57. dxc5 a5 58. Kg2 Qa4 59. a3
Qb3 60. h5 Kc7 61. h6 Qd5+ 62. Kh2 Qe6 63. Qf4+ Kc8 64. Qd2 Qg6 65. c6 Qh5+ 66.
Kg2 Kc7 67. Qf4+ Kc8 68. Qf3 Qg6 69. Qd3 Qxc6+ 70. Kf2 Qxh6 71. Qxf5+ Kd8 72.
Qxb5 Qh2+ 73. Kf3 Qh1+ 74. Kg4 Qd1+ 75. Kf4 Qd6+ 76. Ke4 Qxg3 77. Qxa5+ Kc8 78.
Qc5+ Kb7 79. Qb4+ Kc6 80. a4 Qg4+ 81. Kd3 Qd1+ 82. Ke4 Qe2+ 83. Kf5 Qf2+ 84.
Ke6 Qe3+ 85. Kf5 Qf2+ 86. Qf4 Qxb2 87. Qe4+ Kd6 88. Qb4+ Qxb4 89. cxb4 Kd5 90.
b5 Kc5 91. Ke5 1-0

[Event "Thüringenliga 2016/2017"]
[Site "?"]
[Date "2016.11.06"]
[Round "2"]
[White "Pietsch, Karsten"]
[Black "Möller, Frank"]
[Result "1/2-1/2"]
[WhiteElo "1655"]
[BlackElo "1595"]
[PlyCount "31"]
[EventDate "2016.??.??"]
[WhiteTeam "SV Hermsdorf"]
[BlackTeam "Erfurter Schachklub"]

1. d4 Nf6 2. c4 e5 3. dxe5 Ne4 4. Nd2 Bb4 5. a3 Bxd2+ 6. Bxd2 Nc6 7. Nf3 Qe7 8.
Qc2 Nxd2 9. Qxd2 Nxe5 10. Nxe5 Qxe5 11. e3 b6 12. Rd1 O-O 13. Qd5 Qxb2 14. Qxa8
Qc3+ 15. Rd2 Qc1+ 16. Rd1 1/2-1/2

[Event "Landesklasse Ost 2016/2017"]
[Site "?"]
[Date "2017.01.08"]
[Round "4"]
[White "Sunderbrink, Heino"]
[Black "Hoffmann, Tim"]
[Result "0-1"]
[WhiteElo "1931"]
[BlackElo "2060"]
[PlyCount "98"]
[EventDate "2017.??.??"]
[WhiteTeam "SV Medizin Erfurt"]
[BlackTeam "ESV Gera"]

1. Nf3 Nf6 2. c4 e6 3. g3 d5 4. b3 Be7 5. Bg2 O-O 6. O-O b6 7. e3 Nbd7 8. Qe2
c5 9. Nc3 Bb7 10. d3 dxc4 11. bxc4 Ng4 12. Rd1 Qc8 13. d4 cxd4 14. exd4 Re8 15.
Bf4 e5 16. Nxe5 Bxg2 17. Kxg2 Ndxe5 18. Bxe5 Bd6 19. Nb5 Bxe5 20. dxe5 Nxe5 21.
Nd6 Qc6+ 22. Rd5 Re6 23. Rad1 g6 24. f3 Nxc4 25. Qxc4 Rxd6 26. Qe4 Rxd5 27.
Rxd5 Re8 28. Qd3 Qe6 29. Rd8 Qxa2+ 30. Kh3 Qe6+ 31. Kg2 Rxd8 32. Qxd8+ Kg7 33.
Qd4+ Qf6 34. Qa4 a5 35. g4 g5 36. Qd7 Qb2+ 37. Kg3 Qe5+ 38. Kg2 b5 39. Qd8 b4
40. h4 h6 41. hxg5 hxg5 42. Qb6 Qd5 43. Kg3 b3 44. f4 Qd3+ 45. Kg2 Qd2+ 46. Kh3
b2 47. fxg5 Qd3+ 48. Kh4 b1=Q 49. Qf6+ Kg8 0-1

[Event "Landesklasse Ost 2016/2017"]
[Site "?"]
[Date "2017.01.08"]
[Round "4"]
[White "Puschendorf, Steffen"]
[Black "Zeuner, Ulrich"]
[Result "0-1"]
[WhiteElo "2031"]
[BlackElo "1928"]
[PlyCount "99"]
[EventDate "2017.??.??"]
[WhiteTeam "ESV Gera"]
[BlackTeam "SV Medizin Erfurt"]

1. d4 Nf6 2. c4 c5 3. d5 b5 4. cxb5 a6 5. bxa6 Bxa6 6. Nc3 d6 7. g3 g6 8. Bg2
Bg7 9. Nf3 O-O 10. Rb1 Nbd7 11. O-O Qa5 12. Bd2 Rfb8 13. Qc1 Nb6 14. b3 Nbd7
15. Re1 Qc7 16. h3 Nb6 17. Nh4 c4 18. b4 Bb7 19. e4 Nbd7 20. f4 Nh5 21. Kh2
Bxc3 22. Qxc3 Rxa2 23. Bc1 Nb6 24. g4 Ng7 25. Qd4 e5 26. fxe5 dxe5 27. Qc5 Qd8
28. Nf3 Rc8 29. Qe3 c3 30. Rb3 h5 31. Qh6 Nd7 32. Ra3 Rxa3 33. Bxa3 hxg4 34.
hxg4 Ra8 35. Bc1 Ra2 36. Kg3 Nf6 37. Bg5 Qb6 38. Rf1 Nxe4+ 39. Kh3 Bxd5 40. Be3
Qe6 41. Qh4 f6 42. Rc1 g5 43. Bxg5 Nxg5+ 44. Nxg5 Bxg2+ 45. Kg3 fxg5 46. Qxg5
Bc6 47. Qd8+ Be8 48. Rxc3 e4 49. Qg5 Qd6+ 50. Kh3 0-1

[Event "Landesklasse Ost 2016/2017"]
[Site "?"]
[Date "2017.01.08"]
[Round "4"]
[White "Kube, Hannelore"]
[Black "Gläßl, Matthias"]
[Result "0-1"]
[WhiteElo "1866"]
[BlackElo "2065"]
[PlyCount "94"]
[EventDate "2017.??.??"]
[WhiteTeam "SV Medizin Erfurt"]
[BlackTeam "ESV Gera"]

1. c4 e5 2. g3 Nf6 3. Bg2 Nc6 4. Nc3 Bb4 5. Nf3 O-O 6. O-O a5 7. d3 Bxc3 8.
bxc3 d5 9. cxd5 Nxd5 10. Bg5 Qd6 11. c4 Nde7 12. Nd2 Qg6 13. Bxe7 Nxe7 14. Rb1
Rb8 15. Qa4 b6 16. c5 Be6 17. Nc4 Bxc4 18. Qxc4 Rfd8 19. Be4 Qg5 20. Rb5 Rd4
21. Qc3 Nd5 22. Bxd5 Rxd5 23. Qb3 e4 24. f4 Qh5 25. Rxa5 Rxc5 26. Rxc5 Qxc5+
27. Rf2 Qc1+ 28. Rf1 Qe3+ 29. Rf2 Rd8 30. dxe4 Qxe4 31. Qf3 Qb1+ 32. Kg2 Qxa2
33. Qc6 Qd5+ 34. Qxd5 Rxd5 35. e4 Rc5 36. Ra2 Kf8 37. f5 Ke7 38. Kf3 g6 39. g4
h5 40. gxh5 gxf5 41. h6 fxe4+ 42. Kxe4 Rh5 43. Rc2 c5 44. h7 Rxh7 45. Kd5 Kd7
46. Rf2 Rh5+ 47. Kc4 Rh4+ 0-1

[Event "Landesklasse Ost 2016/2017"]
[Site "?"]
[Date "2017.01.08"]
[Round "4"]
[White "Schmidt, Frank"]
[Black "Rost, Detlef"]
[Result "1-0"]
[WhiteElo "1965"]
[BlackElo "1843"]
[PlyCount "77"]
[EventDate "2017.??.??"]
[WhiteTeam "ESV Gera"]
[BlackTeam "SV Medizin Erfurt"]

1. d4 Nf6 2. Nf3 e6 3. Nbd2 d5 4. e3 Be7 5. Bd3 Nbd7 6. O-O c5 7. c3 Qc7 8. e4
dxe4 9. Nxe4 Nxe4 10. Bxe4 Nf6 11. Bc2 O-O 12. Bg5 Rd8 13. Qe2 cxd4 14. Nxd4
Nd5 15. Bxe7 Nxe7 16. Rfe1 Bd7 17. Qe4 g6 18. Qh4 Nd5 19. Re4 e5 20. Nf3 Bf5
21. Rc4 Qd6 22. Bxf5 gxf5 23. Qg3+ Qg6 24. Qxe5 Nb6 25. Rd4 Re8 26. Qb5 a6 27.
Qd3 Re6 28. Nh4 Rae8 29. Rd8 Qg5 30. Rxe8+ Rxe8 31. Nxf5 Rd8 32. Nd4 Nd5 33.
Qg3 Qxg3 34. hxg3 Nb6 35. Re1 Nc4 36. Re2 b5 37. a3 Rc8 38. Nf5 Nb6 39. Ne7+
1-0